[Event "Catalao op 1st"]
[Site "Catalao"]
[Date "2019.02.09"]
[Round "2"]
[White "Franca, Jairo Jr"]
[Black "Dos Santos, Samary Miranda Parr"]
[Result "1-0"]
[WhiteElo "1840"]
[BlackElo "1624"]
[PlyCount "47"]
[EventDate "2019.02.09"]
[EventType "swiss"]
[EventRounds "5"]
[EventCountry "BRA"]
[SourceTitle "CBM 189 Extra"]
[Source "ChessBase"]
[SourceDate "2019.05.31"]
[SourceVersion "1"]
[SourceVersionDate "2019.05.31"]
[SourceQuality "1"]

1. e4 e5 2. Nf3 d6 3. d4 Nd7 4. Nc3 Ngf6 5. Bc4 Qe7 6. 0-0 Nb6 7. Bb3 Bd7 8. a4 Bc6 9. a5 Nbd7 10. d5 Nc5 11. dxc6 Nxb3 12. cxb7 Rb8 13. cxb3 Qd7 14. a6 Be7 15. Be3 0-0 16. Bxa7 Rbe8 17. b8Q Rxb8 18. Bxb8 Rxb8 19. b4 Qc6 20. b5 Rxb5 21. Nxb5 Qxb5 22. a7 Nxe4 23. a8Q+ Bf8 24. Qxe4 1-0

[Event "BRA-ch U14 Girls"]
[Site "Brasilia"]
[Date "2017.04.21"]
[Round "2"]
[White "Dos Santos, Samary Miranda Parr"]
[Black "Frattini, Beatriz Maria"]
[Result "0-1"]
[WhiteElo "1653"]
[BlackElo "1816"]
[PlyCount "116"]
[EventDate "2017.04.21"]
[EventType "swiss"]
[EventRounds "6"]
[EventCountry "BRA"]
[SourceTitle "CBM 177 Extra"]
[Source "ChessBase"]
[SourceDate "2017.04.27"]
[SourceVersion "1"]
[SourceVersionDate "2017.04.27"]
[SourceQuality "1"]

1. d4 Nf6 2. e3 g6 3. c4 Bg7 4. g3 c6 5. Nc3 0-0 6. Bg2 d6 7. Nf3 Nbd7 8. 0-0 e5 9. e4 Re8 10. d5 Nc5 11. Ng5 h6 12. Nh3 Bxh3 13. Bxh3 Ncxe4 14. Nxe4 Nxe4 15. Qg4 Nf6 16. Qf3 cxd5 17. cxd5 Qa5 18. Rd1 Re7 19. Bd2 Qxd5 20. Qxd5 Nxd5 21. Bg2 Nb6 22. Bxb7 Rxb7 23. Bb4 Rd7 24. Rac1 Rc8 25. Rc3 e4 26. Rxc8+ Nxc8 27. Bc3 Bxc3 28. bxc3 Rc7 29. Rc1 Kf8 30. Kg2 Ke7 31. f3 e3 32. Kf1 Kf6 33. Ke2 Re7 34. c4 Nb6 35. c5 dxc5 36. Rxc5 g5 37. Rc6+ Kg7 38. h3 h5 39. Rc5 Kg6 40. h4 gxh4 41. gxh4 f6 42. Rc1 Kf5 43. Rc5+ Re5 44. Rxe5+ Kxe5 45. Kxe3 Nc4+ 46. Kf2 Kf4 47. Kg2 Ne3+ 48. Kf2 Nf5 49. Ke2 Nxh4 50. Kd3 Nxf3 51. Kc4 h4 52. a4 h3 53. Kb5 h2 54. Ka6 h1Q 55. a5 Qh7 56. Kb5 Qc7 57. a6 Nd4+ 58. Kb4 Ke5 0-1

[Event "BRA-ch Amateur"]
[Site "Brasilia"]
[Date "2016.06.19"]
[Round "6"]
[White "Valcarcel, Marianne Barbosa"]
[Black "Dos Santos, Samary Miranda Parr"]
[Result "1-0"]
[WhiteElo "1875"]
[BlackElo "1674"]
[PlyCount "37"]
[EventDate "2016.06.17"]
[EventType "swiss"]
[EventRounds "6"]
[EventCountry "BRA"]
[SourceTitle "CBM 173 Extra"]
[Source "ChessBase"]
[SourceDate "2016.08.29"]
[SourceVersion "1"]
[SourceVersionDate "2016.08.29"]
[SourceQuality "1"]

1. e4 Nc6 2. Nf3 Nf6 3. Bc4 Nxe4 4. 0-0 e5 5. d3 Nd6 6. Bb3 e4 7. Ng5 Nb4 8. Nxf7 Nxf7 9. dxe4 Bc5 10. Bxf7+ Kxf7 11. Qf3+ Qf6 12. Qxf6+ Kxf6 13. Re1 Nxc2 14. e5+ Ke6 15. Re2 Nxa1 16. Nc3 Rf8 17. Be3 d6 18. Nb5 Rb8 19. Nxc7+ 1-0

[Event "BRA-ch Amateur"]
[Site "Brasilia"]
[Date "2016.06.18"]
[Round "2"]
[White "De Freitas, Luana Ananias"]
[Black "Dos Santos, Samary Miranda Parr"]
[Result "1-0"]
[WhiteElo "1874"]
[BlackElo "1674"]
[PlyCount "91"]
[EventDate "2016.06.17"]
[EventType "swiss"]
[EventRounds "6"]
[EventCountry "BRA"]
[SourceTitle "CBM 173 Extra"]
[Source "ChessBase"]
[SourceDate "2016.08.29"]
[SourceVersion "1"]
[SourceVersionDate "2016.08.29"]
[SourceQuality "1"]

1. d4 Nc6 2. e4 Nf6 3. Nc3 e5 4. Nf3 Bd6 5. Be3 h6 6. Bb5 a6 7. Bc4 a5 8. 0-0 b6 9. dxe5 Bxe5 10. Nxe5 Nxe5 11. Bd4 Nxc4 12. Bxf6 Nxb2 13. Qc1 Qxf6 14. Qxb2 Ba6 15. Rfe1 0-0 16. Qb3 Rae8 17. Nd5 Qe5 18. g3 c6 19. Nxb6 d5 20. Nd7 dxe4 21. Nxe5 Rxe5 22. Qc3 f6 23. f4 Rf5 24. Rxe4 g5 25. Qxc6 Bc8 26. Rd4 gxf4 27. Rxf4 Rf7 28. Rxf5 Bxf5 29. Rf1 Bh3 30. Rxf6 Rxf6 31. Qxf6 Kh7 32. Qh4 Bf5 33. g4 Bg6 34. g5 Bxc2 35. Qxh6+ Kg8 36. g6 Bxg6 37. Qxg6+ Kh8 38. h4 a4 39. Qf6+ Kh7 40. Kf2 a3 41. Kf3 Kg8 42. Qe7 Kh8 43. Ke4 Kg8 44. Kf5 Kh8 45. Kg6 Kg8 46. Qg7# 1-0